000 00813nam a2200229 a 4500
001 86484
003 BD-RjUL
005 20260514152359.0
008 260514s2025 bg ||||| |||| 00| 0 ben d
020 _a9789849061137 :
_cTk. 300.00
035 _a(BD-RjUL)86484
040 _aBD-RjUL
_beng
_cBD-RjUL
041 _aeng
082 _223
_a891.441
_bHOS 2025
100 _4হোসেন, মো. একরাম
245 _aসময়ের জানালা /
_cমো. একরাম হোসেন
260 _aঢাকা :
_bইত্যাদি গ্রন্থ প্রকাশ,
_c২০২৫
300 _a১১১ পৃ. :
_bচিত্রসমুহ ;
_c২২ সেমি.
650 _aবাংলা কবিতা
_918372
650 _aBengali poetry
_918373
942 _2ddc
_cBK
999 _c86484
_d86484